| 000 | 00765nam a22002177a 4500 | ||
|---|---|---|---|
| 999 |
_c13094 _d13094 |
||
| 003 | AR-CdUCM | ||
| 008 | 190411b ||||| |||| 00| 0 spa d | ||
| 040 |
_aMUNICIPALIDAD PROVINCIAL DEL CUSCO _cBIBLIOTECA MUNICIPAL DEL CUSCO |
||
| 082 |
_a345.1 / _bP969 / 1954 |
||
| 110 |
_aCámara de diputados del Perú _928672 |
||
| 245 | _aProyecto de reformas del Código de procedimientos penales / | ||
| 260 |
_aLima : _bPeruano, _c1954. |
||
| 300 |
_a62 páginas ; _c21 cm. |
||
| 500 | _aantes del Titulo: Documentos Parlamentarios. | ||
| 505 | _aContenido: Proyecto de reformas del Código de procedimientos penales. | ||
| 650 |
_aProcesal penal _931292 |
||
| 650 |
_aLegislación _92962 |
||
| 650 |
_aPerú _935 |
||
| 942 |
_2ddc _cLIBROS |
||
| 945 |
_acmm _d2019-04-11 |
||